[Event "WYb16"]
[Site "Heraklio GRE"]
[Date "2004.11.07"]
[Round "5"]
[White "Ponkratov,P"]
[Black "Glud,J"]
[Result "0-1"]
[WhiteElo "2413"]
[BlackElo "2292"]

1.e4 c5 2.Nf3 e6 3.d4 cxd4 4.Nxd4 a6 5.Nc3 b5 6.Bd3 Qb6 7.Nf3 Qc7 8.O-O Bb7
9.e5 Nc6 10.Bf4 b4 11.Ne2 Nge7 12.Bg3 Ng6 13.Be4 Be7 14.h4 Bc5 15.h5 Nge7
16.Qd2 h6 17.c4 Rd8 18.Rad1 Na5 19.Bb1 Bxf3 20.gxf3 Nb7 21.f4 g6 22.Bh4 g5
23.Bg3 Rg8 24.Be4 d5 25.Bg2 dxc4 26.Qc1 Rd3 27.Kh1 Na5 28.Qc2 Qd7 29.Be4 gxf4
30.Nxf4 Rxd1 31.Rxd1 Qb5 32.Qd2 Kf8 33.Nh3 c3 34.bxc3 Qc4 35.Bh7 Rxg3 36.fxg3 bxc3
37.Qxh6+ Ke8 38.Qf6 Nd5 39.Qf3 Be3 40.Bc2 Nc6 41.Bb3 Nxe5 42.Qg2 Qg4 43.Re1 Nf3
44.Rf1 Nd2 45.Bd1 Qc4 46.Re1 Bh6 47.g4 Ne3 48.Qa8+ Ke7 49.g5 Nxd1 50.gxh6 Qh4
51.Rxd1 Qxh3+ 52.Kg1 Qg4+ 53.Kf2 Qxd1 54.h7 Qf1+ 55.Ke3 Qh3+ 56.Kd4 e5+ 57.Kc5 c2
58.Qb7+ Qd7 59.Qxd7+ Kxd7 60.h8=Q c1=Q+  0-1

[Event "V Open"]
[Site "Sauzal ESP"]
[Date "2004.11.07"]
[Round "6"]
[White "Diaz Leon,R"]
[Black "Meijers,V"]
[Result "0-1"]
[WhiteElo "2245"]
[BlackElo "2465"]

1.e4 c5 2.Nf3 e6 3.d4 cxd4 4.Nxd4 a6 5.Nc3 b5 6.Bd3 Bb7 7.O-O Qc7 8.Kh1 Nf6
9.a3 h5 10.Qe2 Bc5 11.Nb3 Ng4 12.f4 Ba7 13.e5 d5 14.exd6 Qxd6 15.Na5 Bc6
16.Ne4 Qc7 17.Nxc6 Nxc6 18.c3 Ne7 19.h3 Rd8 20.g3 Qc6 21.hxg4 hxg4+ 22.Kg2 f5
23.Be3 fxe4 24.Bc2 Nf5 25.Rh1 Rxh1 26.Rxh1 Nxe3+  0-1

[Event "TCh-SWE Elitserien 2004-5"]
[Site "Skara SWE"]
[Date "2004.11.07"]
[Round "3"]
[White "Tadjerbashi,A"]
[Black "Ekelund,P"]
[Result "1/2-1/2"]
[WhiteElo "2176"]
[BlackElo "2300"]

1.e4 c5 2.Nf3 e6 3.Nc3 a6 4.d4 cxd4 5.Nxd4 Qc7 6.g3 Nf6 7.Bg2 Be7 8.O-O d6
9.f4 Nbd7 10.g4 O-O 11.g5 Ne8 12.Kh1 b5 13.a3 Bb7 14.Rf3 g6 15.Rh3 Ng7 16.f5 exf5
17.exf5 Bxg2+ 18.Kxg2 Qb7+ 19.Kg1 f6 20.Qe1 Ne5 21.Qh4 Nh5 22.Qe4 Qxe4 23.Nxe4 d5
24.Nxf6+ Nxf6 25.gxf6 Rxf6 26.Bg5 Rf7 27.Bxe7 Rxe7 28.Rc3 Rae8 29.b3 Ng4
30.fxg6 hxg6 31.Rg3 Re4 32.Rd1  1/2-1/2

[Event "FSGM November"]
[Site "Budapest HUN"]
[Date "2004.11.09"]
[Round "4"]
[White "Wittmann,W"]
[Black "Fogarasi,T"]
[Result "1/2-1/2"]
[WhiteElo "2339"]
[BlackElo "2425"]

1.e4 c5 2.Nf3 e6 3.d4 cxd4 4.Nxd4 a6 5.Nc3 Qc7 6.Bd3 Bc5 7.Nb3 Be7 8.a4 b6
9.O-O d6 10.f4 Nd7 11.Qe2 Ngf6 12.Bd2 Bb7 13.Rae1 g6 14.e5 Nh5 15.Be4 d5
16.Bd3 Ng7 17.Nd4 h5 18.Nd1 Nc5 19.b3 Nf5 20.Nxf5 gxf5 21.Nf2 d4 22.Nh3 h4
23.a5 Rg8 24.axb6 Qxb6 25.Ng5 h3 26.Qh5 Bxg5 27.fxg5 hxg2 28.Rf2 O-O-O 29.Qxf7 Ne4
30.Bc4 Nxf2 31.Qxe6+ Kb8 32.Kxf2 Qxe6 33.Bxe6 Rh8 34.Kg1 d3 35.c3 Be4 36.Bf7 Kc7
37.g6 Rdg8 38.e6 Kd6 39.Bf4+ Ke7 40.Bg5+ Kd6 41.Bf4+ Ke7 42.Be5 Bf3 43.Bxh8 d2
44.Ra1 Rxh8 45.g7 Rd8 46.g8=N+ Rxg8 47.Bxg8 a5 48.Bh7 Kxe6 49.Bg8+ Kd6 50.Kf2 d1=Q
51.Rxd1+ Bxd1 52.Kxg2 Ke5 53.Kf2 a4 54.bxa4 Bxa4 55.Bc4 Kf4 56.Be2 Bc6 57.h4 Bd5  1/2-1/2

[Event "WYb12"]
[Site "Heraklio GRE"]
[Date "2004.11.12"]
[Round "10"]
[White "Krejci,Jan2"]
[Black "Strzemiecki,Z"]
[Result "1/2-1/2"]
[WhiteElo "2043"]
[BlackElo "2105"]

1.e4 c5 2.Nf3 e6 3.d4 cxd4 4.Nxd4 a6 5.Nc3 b5 6.Bd3 Qb6 7.Nb3 Bb7 8.O-O d6
9.a4 b4 10.a5 Qc7 11.Na4 Nc6 12.Nb6 Rd8 13.Be3 Nf6 14.Nc4 Qb8 15.Bb6 Rc8
16.Qe2 Be7 17.Nd4 Nxd4 18.Bxd4 e5 19.Bb6 O-O 20.f3 Rfe8 21.Ne3 Qa8 22.Ra4 Bf8
23.Nd5 Bxd5 24.exd5 Nxd5 25.Bxa6 Nf4 26.Qb5 Rxc2 27.Rf2 Rc1+ 28.Rf1 Rc2 29.Rf2  1/2-1/2

[Event "WYg14"]
[Site "Heraklio GRE"]
[Date "2004.11.12"]
[Round "10"]
[White "Winkelmann,E"]
[Black "Ivekovic,I"]
[Result "1-0"]
[WhiteElo "2051"]
[BlackElo "1924"]

1.e4 c5 2.Nf3 e6 3.d4 cxd4 4.Nxd4 a6 5.Nc3 Qc7 6.g3 b5 7.Bg2 Bb7 8.O-O d6
9.a3 Nf6 10.Be3 Be7 11.f4 Nbd7 12.Qe2 O-O 13.Rad1 Nb6 14.g4 Nc4 15.Bc1 Nxa3
16.bxa3 Qxc3 17.g5 Nd7 18.Rd3 Qc7 19.Rh3 Rfe8 20.Qh5 Nf8 21.f5 exf5 22.exf5 Bxg2
23.Kxg2 Qc5 24.Be3 Bd8 25.c3 Qxc3 26.f6 Qc4 27.fxg7 Kxg7 28.Nf5+ Kh8 29.Bd4+ f6
30.Qxe8 Qc2+ 31.Rf2  1-0

[Event "WYg18"]
[Site "Heraklio GRE"]
[Date "2004.11.13"]
[Round "11"]
[White "Vega Gutierrez,S"]
[Black "Fominykh,M"]
[Result "1-0"]
[WhiteElo "2225"]
[BlackElo "2309"]

1.e4 c5 2.Nf3 e6 3.d4 cxd4 4.Nxd4 a6 5.Nc3 Qc7 6.f4 Nc6 7.Be3 b5 8.Bd3 Nxd4
9.Bxd4 Qxf4 10.Rf1 Qh4+ 11.g3 Qe7 12.e5 Bb7 13.Be4 Bc6 14.Qf3 Rc8 15.Bxc6 dxc6
16.Bc5 Qc7 17.Bxf8 Kxf8 18.O-O-O Nh6 19.Ne4 Qxe5 20.Rd7 Kg8 21.Nd6 Rb8 22.Nxf7 Qf5
23.Qd1 Nxf7 24.Rxf5 exf5 25.Qe1 Rf8 26.Re7 h5 27.Re8 Kh7 28.Rxf8 Rxf8 29.Qe7 Kg8
30.Qe6 h4 31.Qxc6 Ng5 32.gxh4 Ne4 33.Qxa6 Kh8 34.Qxb5 Nd6 35.Qd5 Rf6 36.Kd2 f4
37.Ke2 Nf5 38.a4 Nxh4 39.a5 Nf5 40.a6 f3+ 41.Kf2 Nh6 42.Qd8+ Kh7 43.Qxf6 gxf6
44.a7 Ng4+ 45.Kxf3 Ne5+ 46.Ke4  1-0

[Event "Acropolis IM Open"]
[Site "Athens GRE"]
[Date "2004.11.16"]
[Round "1"]
[White "Markopoulos,T"]
[Black "Petrakis,I"]
[Result "0-1"]
[WhiteElo "2094"]
[BlackElo "2224"]

1.e4 c5 2.Nf3 e6 3.d4 cxd4 4.Nxd4 a6 5.Nc3 Qc7 6.Bd3 Nf6 7.O-O Be7 8.Kh1 O-O
9.f4 d6 10.Qe1 Nc6 11.Be3 Bd7 12.Qg3 b5 13.a3 Nxd4 14.Bxd4 Bc6 15.Rae1 e5
16.fxe5 Nh5 17.Qh3 dxe5 18.Be3 Nf4 19.Bxf4 exf4 20.e5 g6 21.Rxf4 Bg5 22.Ne4 Bd7
23.Qg3 Bxf4 24.Nf6+ Kg7 25.Qxf4 Qd8 26.Be4 Ra7 27.Rd1 Qe7 28.Qh4 Qxe5 29.Nxd7 Rxd7
30.Rxd7 Re8 31.Qf2 Qxe4 32.Rxf7+ Kg8 33.Kg1 Rd8 34.Qf1 Qd4+ 35.Qf2  0-1

[Event "Acropolis WGM Open"]
[Site "Athens GRE"]
[Date "2004.11.16"]
[Round "1"]
[White "Stefanidi,MA"]
[Black "Burtasova,A"]
[Result "0-1"]
[WhiteElo "2092"]
[BlackElo "2273"]

1.e4 c5 2.Nf3 e6 3.d4 cxd4 4.Nxd4 a6 5.Nc3 b5 6.Bd3 d6 7.O-O Nf6 8.Kh1 Bb7
9.f3 Nbd7 10.Qe2 Qc7 11.a3 Be7 12.Bd2 d5 13.Rae1 Bc5 14.Nb3 Bd6 15.f4 dxe4
16.Nxe4 Nxe4 17.Bxe4 Bxe4 18.Qxe4 O-O 19.Bc3 Rfe8 20.Rd1 Bf8 21.Rf3 Rad8
22.Rdf1 Qc4 23.Qb7 Nf6 24.Na5 Qe2 25.R3f2 Rd1 26.Qf3 Qxf3 27.Rxf3 Rxf1+ 28.Rxf1 Ne4
29.Bd4 Rd8 30.c3 Rd5 31.g3 Bc5 32.Nb3 Bxd4 33.Nxd4 Kf8 34.Kg2 a5 35.Re1 Nd2
36.Re2 Nc4 37.Kf3 b4 38.axb4 axb4 39.Ke4 Nd6+ 40.Kd3 Ke7 41.c4 Rc5 42.b3 Rc7
43.f5 Nb7 44.fxe6 Nc5+ 45.Kc2 fxe6 46.Re3 Kf6 47.Nf3 Ra7 48.Kb2 Ra3 49.Nd4 Ra6
50.Nf3 h6 51.Ne5 Rd6 52.Kc2 Kf5 53.Nd3 Nxd3 54.Rxd3 Ra6 55.Rd7 Ra2+ 56.Kd3 Rxh2
57.c5 Rb2 58.Kc4 Rc2+ 59.Kxb4 g5 60.Rh7 e5 61.Rxh6 e4 62.Kb5 e3 63.Rh1 Kg4
64.Re1 e2 65.c6 Kxg3 66.b4 Kf2 67.Rxe2+ Kxe2 68.Kb6 g4 69.b5 g3  0-1

[Event "Acropolis IM Open"]
[Site "Athens GRE"]
[Date "2004.11.18"]
[Round "3"]
[White "Angelopoulos,G"]
[Black "Petrakis,I"]
[Result "1-0"]
[WhiteElo "2104"]
[BlackElo "2224"]

1.e4 c5 2.Nf3 e6 3.d4 cxd4 4.Nxd4 a6 5.Nc3 Qc7 6.Be2 Nf6 7.O-O Nc6 8.Be3 Be7
9.f4 d6 10.Nb3 b5 11.Bd3 O-O 12.Qf3 Bb7 13.Rae1 Nb4 14.a3 Nxd3 15.cxd3 Rac8
16.Qg3 Rfe8 17.Bd4 g6 18.Qh3 e5 19.Be3 Qd7 20.f5 d5 21.Bg5 Qd6 22.Qh4 Rf8
23.exd5 Rxc3 24.bxc3 Qxd5 25.Rf2 Qxb3 26.Bxf6 Qxc3 27.Rfe2 Bc5+ 28.Kh1 Re8
29.Bxe5 Qxd3 30.Qf6 Rxe5 31.Qxe5 Bd6 32.Qe8+ Kg7 33.f6+ Kxf6 34.Rf2+ Kg5
35.Qxf7 Bd5 36.Qxh7 Be4 37.Qg7 Bf5 38.Rf3 Qd2 39.Ref1 Be4 40.Qf6+ Kg4 41.Qe6+ Kg5
42.Qxe4  1-0

[Event "Acropolis WGM Open"]
[Site "Athens GRE"]
[Date "2004.11.19"]
[Round "4"]
[White "Sorokina,A"]
[Black "Ikonomopoulou,M"]
[Result "1-0"]
[WhiteElo "2199"]
[BlackElo "2014"]

1.e4 c5 2.Nf3 e6 3.d4 cxd4 4.Nxd4 a6 5.Nc3 b5 6.Be2 Bb7 7.Bf3 Qc7 8.O-O Nc6
9.Nxc6 dxc6 10.Bg5 Bd6 11.g3 h6 12.Be3 Rd8 13.Qe2 Nf6 14.Rad1 O-O 15.Bg2 c5
16.Rxd6 Rxd6 17.e5 Bxg2 18.Kxg2 Qc6+ 19.Kg1 b4 20.Nb1 Rd5 21.exf6 e5 22.fxg7 Kxg7
23.Qg4+ Kh7 24.Qf5+ Qg6 25.Qxg6+ Kxg6 26.c4 Rd7 27.Bxc5 Rc8 28.Bxb4 Rxc4
29.Bc3 Kf5 30.Na3 Re4 31.Nc2 Re2 32.Ne3+ Ke4 33.Nc4 Rc7 34.Nd2+ Kd3 35.Nf3 e4
36.Ne1+ Kc4 37.Ng2 Kb5 38.Rc1 e3 39.Nxe3 f5 40.Nxf5  1-0

[Event "TCh-AUT"]
[Site "Graz AUT"]
[Date "2004.11.19"]
[Round "1"]
[White "Zelcic,R"]
[Black "Horvath,Jo1"]
[Result "1-0"]
[WhiteElo "2531"]
[BlackElo "2508"]

1.e4 c5 2.Nf3 e6 3.d4 cxd4 4.Nxd4 a6 5.Nc3 Qc7 6.Be2 b5 7.O-O Bb7 8.Re1 Nc6
9.Nxc6 dxc6 10.e5 Bb4 11.Bd3 Ne7 12.Qh5 c5 13.Bg5 c4 14.Be4 Bxc3 15.bxc3 Bxe4
16.Rxe4 Nd5 17.Bd2 O-O-O 18.a4 f5 19.Ree1 Nb6 20.Bg5 Rd5 21.axb5 axb5 22.Be3 Na4
23.Bd4 h6 24.Qe2 Kd7 25.Qh5 Qd8 26.h4 Qe8 27.Qe2 Ke7 28.Reb1 Qc6 29.Qh5 Qe8
30.Qf3 Qc6 31.h5 Rc8 32.Kh2 Rc7 33.Rg1 Rd8 34.Qh3 Qe4 35.g4 Kf8 36.gxf5 exf5
37.Qg3 Re8 38.Rae1 Qxc2 39.e6 Ree7 40.Qe5 Nb2 41.Re2  1-0

[Event "Lushki B"]
[Site "Serpukhov RUS"]
[Date "2004.11.19"]
[Round "1"]
[White "Rodchenkov,S"]
[Black "Kulago,A"]
[Result "1-0"]
[WhiteElo "2382"]
[BlackElo "2095"]

1.e4 c5 2.Nf3 e6 3.d4 cxd4 4.Nxd4 a6 5.Nc3 Qc7 6.Bd3 Nc6 7.Nxc6 bxc6 8.O-O Nf6
9.Qe2 d6 10.f4 e5 11.Kh1 Be7 12.fxe5 dxe5 13.Nd1 Bg4 14.Qe1 Be6 15.Ne3 O-O
16.Qe2 g6 17.b3 a5 18.Bb2 a4 19.Bc4 a3 20.Bc1 Nxe4 21.Bxe6 fxe6 22.Qc4 Rxf1+
23.Nxf1 Ng5 24.Bxg5 Bxg5 25.Qxe6+ Kg7 26.Ng3 Rd8 27.Ne4 Be7 28.Rf1 Rf8 29.Rxf8 Kxf8
30.h3 Kg7 31.Kh2 h6 32.c3 h5 33.c4 Kh6 34.c5 Kg7 35.Kh1 h4 36.b4 Qd8 37.Qxe5+ Kh6
38.Kh2 Qf8 39.g4 Bd8 40.g5+ Kh7 41.Nf6+ Bxf6 42.gxf6 Kh6 43.Qe3+ g5 44.Qe7 Qb8+
45.Kh1 Kg6 46.Qg7+ Kf5 47.f7 Qg3  1-0

[Event "Acropolis WGM Open"]
[Site "Athens GRE"]
[Date "2004.11.20"]
[Round "5"]
[White "Sorokina,A"]
[Black "Burtasova,A"]
[Result "1-0"]
[WhiteElo "2199"]
[BlackElo "2273"]

1.e4 c5 2.Nf3 e6 3.d4 cxd4 4.Nxd4 a6 5.Nc3 b5 6.Be2 Bb7 7.Bf3 Qc7 8.O-O d6
9.Re1 Nf6 10.Bg5 Be7 11.Bxf6 gxf6 12.Bh5 O-O 13.Re3 Nd7 14.Rh3 Kh8 15.Nxe6 fxe6
16.Bg6 Qc5 17.Rxh7+ Kg8 18.Qg4  1-0

[Event "TCh-AUT"]
[Site "Graz AUT"]
[Date "2004.11.20"]
[Round "2"]
[White "Lehner,O"]
[Black "Stohl,I"]
[Result "1/2-1/2"]
[WhiteElo "2420"]
[BlackElo "2561"]

1.e4 c5 2.Nc3 e6 3.Nf3 a6 4.d4 cxd4 5.Nxd4 Qc7 6.Bd3 Nf6 7.Qe2 d6 8.f4 g6
9.Be3 Bg7 10.O-O-O Nc6 11.h3 Bd7 12.g4 Nxg4 13.Nxe6 Bxe6 14.hxg4 Bxc3  1/2-1/2

[Event "10th It"]
[Site "Tuzla BIH"]
[Date "2004.11.20"]
[Round "3"]
[White "Majeric,Z"]
[Black "Tomic,Bos"]
[Result "1/2-1/2"]
[WhiteElo "2408"]
[BlackElo "2284"]

1.e4 c5 2.Nf3 e6 3.d4 cxd4 4.Nxd4 a6 5.Nc3 Qc7 6.g3 Nf6 7.Bg2 Bb4 8.Bd2 Nc6
9.Nxc6 dxc6 10.O-O Bc5 11.Qe2 e5 12.Be3 Be7 13.a4 a5 14.Nb1 b6 15.Na3 Ba6
16.Nc4 O-O 17.Rfd1 Rfd8 18.f3 Nd7 19.Bf1 Bc5 20.Qf2 Bxc4 21.Bxc4 Bxe3 22.Qxe3 Nc5
23.b3 Rd6 24.Rxd6 Qxd6 25.c3 Rd8 26.Rf1 Qd2 27.Qxd2 Rxd2 28.Rf2 Rd1+ 29.Rf1 Rd2
30.Rf2 Rd1+ 31.Rf1 Rxf1+ 32.Kxf1 Kf8 33.Ke2 Ke7 34.Kd2 f6 35.Kc2 g6 36.Bg8 h6
37.Bc4 Nb7 38.Ba6 Nd6 39.Bf1 Kd7 40.Bh3+ Kc7 41.Be6 Nb7 42.h4 Kd6 43.Bf7 g5
44.h5 Kc5 45.g4 Nd6 46.Be6 b5 47.Kd3 Ne8 48.Bc8 Nc7 49.axb5 cxb5 50.Bd7 Na8
51.Be6 Nb6 52.Bf7 b4 53.Be8 Na8 54.Ba4 Nc7 55.Bd7 Na6 56.Kc2 Kd6 57.Bb5 Nc5
58.cxb4 axb4 59.Bc4 Nd7 60.Kd2 Nb6 61.Bf7 Kc5 62.Kd3 Na8 63.Bd5 Nc7 64.Bc4 Ne8
65.Ke3 Nd6 66.Ba6 Kc6 67.Kd3 Kb6 68.Bc4 Kc5  1/2-1/2

[Event "Acropolis GM"]
[Site "Athens GRE"]
[Date "2004.11.21"]
[Round "6"]
[White "Kotronias,V"]
[Black "Shavtvaladze,N"]
[Result "1-0"]
[WhiteElo "2599"]
[BlackElo "2430"]

1.e4 c5 2.Nf3 e6 3.d4 cxd4 4.Nxd4 a6 5.Nc3 Qc7 6.Bd3 Nc6 7.Be3 b5 8.O-O Bb7
9.Nxc6 Qxc6 10.a3 Nf6 11.Qe2 Be7 12.f4 h5 13.h3 h4 14.Rf3 b4 15.axb4 Bxb4
16.Ra4 Bxc3 17.Rc4 Qxc4 18.Bxc4 Bxb2 19.e5 Bxf3 20.Qxf3 Nd5 21.Bxd5 exd5
22.Bc5 Rh6 23.Qg4  1-0

[Event "1st Master Rapid Open"]
[Site "Benidorm ESP"]
[Date "2004.11.21"]
[Round "6"]
[White "Renteria,J"]
[Black "Vidarte Morales,A"]
[Result "1/2-1/2"]
[WhiteElo "2259"]
[BlackElo "2375"]

1.e4 c5 2.Nf3 e6 3.d4 cxd4 4.Nxd4 a6 5.Nc3 Qc7 6.Be3 b5 7.Bd3 Bb7 8.a3 Nf6
9.f4 d6 10.g4 h5 11.g5 Ng4 12.Qf3 e5 13.Nb3 Nxe3 14.Qxe3 exf4 15.Qxf4 Nd7
16.g6 Ne5 17.gxf7+ Qxf7 18.Qxf7+ Kxf7 19.O-O-O Rc8 20.Rhf1+ Ke7 21.Nd5+ Bxd5
22.exd5 g6 23.Nd4 Bh6+ 24.Kb1 Rhf8 25.Nc6+ Nxc6  1/2-1/2

[Event "TCh-AUT"]
[Site "Graz AUT"]
[Date "2004.11.21"]
[Round "3"]
[White "Atlas,V"]
[Black "Fogarasi,T"]
[Result "1-0"]
[WhiteElo "2485"]
[BlackElo "2425"]

1.e4 c5 2.Nf3 e6 3.d4 cxd4 4.Nxd4 a6 5.Nc3 Nc6 6.g3 Nge7 7.Bg2 Nxd4 8.Qxd4 Nc6
9.Qd2 Be7 10.O-O O-O 11.b3 d6 12.Bb2 b5 13.Nd1 Bb7 14.Ne3 Qb6 15.h3 Rfd8
16.Kh2 Rac8 17.f4 d5 18.exd5 Bc5 19.Ng4 f5 20.Qe1 Nd4 21.Ne3 exd5 22.b4 Bf8
23.c3 Ne6 24.Nxf5 g6 25.Nh4 Re8 26.Qd2 d4 27.cxd4 Bxg2 28.Nxg2 Rc4 29.Ne3 Bxb4
30.Nxc4 bxc4 31.Bc3 Bxc3 32.Qxc3 Qxd4 33.Rac1 Rb8 34.Qxc4 Rb2+ 35.Kh1 Kf7
36.f5 gxf5 37.Rxf5+ Ke7 38.Qxd4 Nxd4 39.Rf4 Rd2 40.Rcf1 a5 41.a4 Ke6 42.R1f2 Rd3
43.Kg2 Kd5 44.Rh4 Kc5 45.Rxh7  1-0

[Event "TCh-AUT"]
[Site "Graz AUT"]
[Date "2004.11.21"]
[Round "3"]
[White "Weinzettl,E"]
[Black "Wallner,J"]
[Result "0-1"]
[WhiteElo "2360"]
[BlackElo "2278"]

1.e4 c5 2.Nf3 e6 3.Nc3 a6 4.d4 cxd4 5.Nxd4 d6 6.Be3 Nf6 7.f3 Qc7 8.Qd2 Be7
9.g4 Nc6 10.O-O-O b5 11.g5 Nd7 12.f4 Nxd4 13.Bxd4 O-O 14.Rg1 b4 15.Na4 e5
16.Be3 exf4 17.Bxf4 Ne5 18.Qxb4 Be6 19.Qb6 Qc8 20.Rg3 Rb8 21.Qxa6 Rb7 22.b3 Qb8
23.Qe2 Rc8 24.Bh3 Rbc7 25.Rd2 Ng6 26.Be3 Bxh3 27.Rxh3 d5 28.Qh5 Ba3+ 29.Kb1 Qb4
30.Qxh7+ Kf8 31.c3 Qxe4+ 32.Rc2 Rxc3 33.Nxc3 Rxc3  0-1

[Event "XLIII WJun"]
[Site "Kochin IND"]
[Date "2004.11.22"]
[Round "6"]
[White "Moradiabadi,E"]
[Black "Berkes,F"]
[Result "0-1"]
[WhiteElo "2445"]
[BlackElo "2630"]

1.e4 c5 2.Nf3 e6 3.Nc3 a6 4.d4 cxd4 5.Nxd4 Qc7 6.Bd3 b5 7.O-O Bb7 8.Qe2 Bc5
9.Nb3 Be7 10.Bd2 Nf6 11.f4 g6 12.Kh1 b4 13.Nd1 d5 14.exd5 Nxd5 15.c4 Nf6
16.c5 a5 17.Ne3 Nc6 18.a4 O-O 19.Rac1 Rad8 20.Bb5 Ne4 21.Be1 f5 22.Nc2 Rf6  0-1

[Event "17th Belgrade Trophy"]
[Site "Obrenovac SCG"]
[Date "2004.11.22"]
[Round "1"]
[White "Bojovic,D"]
[Black "Tosic,M"]
[Result "0-1"]
[WhiteElo "2166"]
[BlackElo "2489"]

1.e4 c5 2.Nf3 e6 3.d4 cxd4 4.Nxd4 a6 5.Nc3 Qc7 6.g3 Nf6 7.Bg2 d6 8.O-O Bd7
9.Re1 Be7 10.a4 Nc6 11.Nb3 b6 12.f4 Rd8 13.Qe2 Bc8 14.Qc4 Qb7 15.h3 O-O 16.Be3 Rfe8
17.Bf2 Bf8 18.Rad1 Nd7 19.Rd2 Na5 20.Nxa5 bxa5 21.e5 d5 22.Red1 Nc5 23.Nxd5 exd5
24.Bxd5 Rxd5 25.Qxd5 Qc7 26.Kh2 Be6 27.Qd4 Qb8 28.b3 h5 29.Qe3 g6 30.Qf3 Qc8
31.Qg2 Bf5 32.Be3 Ne4 33.Rd4 Nc3 34.Rc4 Nxd1 35.Rxc8 Rxc8 36.Qb7 Rxc2+  0-1

[Event "Lushki B"]
[Site "Serpukhov RUS"]
[Date "2004.11.22"]
[Round "6"]
[White "Masyagutova,L"]
[Black "Simantsev,M"]
[Result "1-0"]
[WhiteElo "2026"]
[BlackElo "2402"]

1.e4 c5 2.Nf3 e6 3.d4 cxd4 4.Nxd4 a6 5.Nc3 b5 6.Bd3 Qb6 7.Nb3 Bb7 8.O-O d6
9.Be3 Qc7 10.f4 Nc6 11.Qf3 Nf6 12.Rae1 Be7 13.a3 O-O 14.Qh3 Rfe8 15.g4 g6
16.g5 Nd7 17.f5 Bf8 18.f6 Nce5 19.Rf4 Nxd3 20.cxd3 d5 21.Rh4 h5 22.Ne2 dxe4
23.dxe4 Ne5 24.Rc1 Qd8 25.Nc5 Bxc5 26.Bxc5 Qd3 27.Nc3 Nf3+ 28.Kh1 Qd2 29.Rd1 Qxg5
30.Qxf3 Qxh4 31.Rg1 e5 32.Qf5 Kh7 33.Rxg6 fxg6 34.Qd7+ Kh6 35.Be3+  1-0

[Event "Petrosian Mem Open"]
[Site "Yerevan ARM"]
[Date "2004.11.22"]
[Round "4"]
[White "Hayrapetian,A"]
[Black "Pantsulaia,L"]
[Result "0-1"]
[WhiteElo "2333"]
[BlackElo "2490"]

1.e4 c5 2.Nf3 e6 3.d4 cxd4 4.Nxd4 a6 5.Nc3 b5 6.Bd3 Qb6 7.Be3 Bc5 8.Be2 Nc6
9.Nxc6 dxc6 10.Bxc5 Qxc5 11.Qd3 e5 12.O-O-O Be6 13.Qg3 Nf6 14.Qxg7 Ke7 15.Qh6 Rhg8
16.g3 a5 17.Rd3 a4 18.Rf3 Rg6 19.Qd2 b4 20.Rd1 a3 21.Na4 axb2+ 22.Kxb2 Qd4+
23.Qxd4 exd4 24.Nc5 Rxa2+ 25.Kb1 Ra5 26.Nxe6 fxe6 27.Rxd4 c5 28.Rc4 Nd7 29.Rf4 Ne5
30.Rh4 Nxc4 31.Bxc4 h6 32.e5 Ra8 33.f4 Rh8 34.g4 Rf8 35.Bd3 Rgg8 36.f5 Rh8
37.Kb2 Rd8 38.Rh5 Rdg8 39.Rh4 h5 40.f6+ Kf8 41.gxh5 Rg5 42.h6 Rxe5 43.h7 Kf7
44.Rg4 Rd5 45.h4 Rd4 46.Rg7+ Kxf6 47.Rc7 Rd5 48.Kb3 Ke5 49.Rg7 Kd4 50.Rg4+ Ke5
51.Rg7 Kf6 52.Rc7 Rh5 53.Kc4 Rxh4+ 54.Kxc5 Rd8 55.Rb7 Rc8+ 56.Kb5 Rc3 57.Rb8 b3
58.h8=Q+ Rxh8 59.Rxh8 bxc2 60.Bxc2 Rxc2 61.Rh1 e5 62.Re1 Kf5 63.Rf1+ Ke4
64.Kb4 Kd3 65.Rf3+ Ke2 66.Rh3 e4 67.Kb3 Rc8 68.Rh2+ Kd3  0-1

[Event "Petrosian Mem Open"]
[Site "Yerevan ARM"]
[Date "2004.11.22"]
[Round "4"]
[White "Areshchenko,A"]
[Black "Melkumyan,H"]
[Result "1-0"]
[WhiteElo "2580"]
[BlackElo "2315"]

1.e4 c5 2.Nf3 e6 3.d4 cxd4 4.Nxd4 a6 5.Nc3 Qc7 6.Be2 Nf6 7.O-O Nc6 8.Be3 Bb4
9.Na4 Be7 10.Nxc6 bxc6 11.Nb6 Rb8 12.Nxc8 Qxc8 13.Bd4 c5 14.Be5 Rb6 15.b3 d6
16.Bb2 O-O 17.Qd3 Nd7 18.Rad1 Bf6 19.Bxf6 Nxf6 20.Rd2 Qc6 21.Bf3 Nd7 22.Rfd1 Qc7
23.Qc3 Rc6 24.Be2 Nf6 25.Bf3 Nd7 26.Qe3 c4 27.Be2 Nb6 28.Qg3 Rd8 29.b4 d5
30.exd5 exd5 31.Qxc7 Rxc7 32.Bf3 Rcd7 33.Rd4 g6 34.Kf1 Kg7 35.Ke1 Kf8 36.Kd2 Na4
37.c3 Ke7 38.Kc2 Ke6 39.Rb1 Nb6 40.Re1+ Kd6 41.h4 Re7 42.Red1 Re5 43.a4 Ke6
44.a5 Nc8 45.Rxc4 Ne7 46.Rc5 Rd6 47.Rd2 h5 48.g3 f6 49.c4 dxc4 50.Rxe5+ fxe5
51.Rxd6+ Kxd6 52.Kc3 Kc7 53.Kxc4 Nf5 54.Kc5 Nd4 55.Be4  1-0

[Event "XXI WJun Women"]
[Site "Kochin IND"]
[Date "2004.11.23"]
[Round "7"]
[White "Hodova,L"]
[Black "Sivasankari,P"]
[Result "1/2-1/2"]
[WhiteElo "2118"]
[BlackElo "2112"]

1.e4 c5 2.Nf3 e6 3.d4 cxd4 4.Nxd4 a6 5.Nc3 Qc7 6.g3 b5 7.a3 Bb7 8.Bg2 Nf6
9.O-O Nc6 10.Re1 d6 11.Nxc6 Bxc6 12.Bf4 e5 13.Bg5 Be7 14.f4 O-O 15.fxe5 dxe5
16.Bxf6 Bxf6 17.Nd5 Qd6 18.c3 Rad8 19.Qf3 Be7 20.Rad1 Bxd5 21.Rxd5 Qb6+ 22.Kh1 Bf6
23.Red1 h6 24.R1d3 Rc8 25.Bh3 Rc7 26.Rd6 Rc6 27.Rd7 Bg5 28.Qf5 Rf6 29.Qxe5 Qf2
30.Rd1 Qxb2 31.Bf5 Qf2 32.h4 Be3 33.Rd8 Bc5 34.Rxf8+ Bxf8 35.Rd8 Qf1+ 36.Kh2 Qf2+
37.Kh3 Qf1+  1/2-1/2

[Event "Lushki B"]
[Site "Serpukhov RUS"]
[Date "2004.11.24"]
[Round "8"]
[White "Masyagutova,L"]
[Black "Rodchenkov,S"]
[Result "0-1"]
[WhiteElo "2026"]
[BlackElo "2382"]

1.e4 c5 2.Nf3 e6 3.d4 cxd4 4.Nxd4 a6 5.Nc3 Qc7 6.Bd3 Nf6 7.O-O b5 8.a3 Bc5
9.Nb3 Be7 10.f4 d6 11.Qf3 Bb7 12.Bd2 Nc6 13.Rae1 b4 14.axb4 Nxb4 15.Be3 O-O
16.Qh3 Nxd3 17.cxd3 Rab8 18.Rc1 Bc8 19.Nd1 Qd8 20.Qg3 Rxb3  0-1

[Event "Petrosian Mem Open"]
[Site "Yerevan ARM"]
[Date "2004.11.24"]
[Round "6"]
[White "Pashikian,A"]
[Black "Galojan,L"]
[Result "1-0"]
[WhiteElo "2473"]
[BlackElo "2239"]

1.e4 c5 2.Nf3 e6 3.Nc3 a6 4.d4 cxd4 5.Nxd4 Qc7 6.g3 d6 7.Bg2 Be7 8.O-O Nf6
9.f4 O-O 10.g4 Re8 11.g5 Nfd7 12.Be3 Nb6 13.a4 Nc4 14.Bc1 Nc6 15.Kh1 Nxd4
16.Qxd4 Bd7 17.b3 Na5 18.Bb2 Bf8 19.Qf2 Bc6 20.Qh4 Qd8 21.Nd1 Be7 22.Ne3 b5
23.Ng4 bxa4 24.Rae1 a3 25.Bc3 e5 26.Re3 h6 27.Rh3 Bd7 28.Nxh6+ gxh6 29.Qxh6 Bxh3
30.g6 Bxg2+ 31.Kxg2 fxg6 32.Qxg6+ Kf8 33.Qh6+ Kg8 34.Qg6+ Kh8 35.Qh6+ Kg8
36.fxe5 Bf8 37.Rxf8+ Rxf8 38.Qg6+ Kh8 39.exd6+ Qf6 40.Bxf6+ Rxf6 41.Qxf6+  1-0

[Event "Lushki A"]
[Site "Serpukhov RUS"]
[Date "2004.11.25"]
[Round "9"]
[White "Ostrovskiy,A"]
[Black "Papin,V"]
[Result "1/2-1/2"]
[WhiteElo "2297"]
[BlackElo "2411"]

1.e4 c5 2.Nc3 e6 3.Nf3 a6 4.d4 cxd4 5.Nxd4 Qc7 6.Bd3 Nc6 7.Nxc6 dxc6 8.O-O e5
9.Be3 Nf6 10.f3 Nd7 11.Qe2 Bc5 12.Qf2 Qb6 13.Bxc5 Nxc5 14.Bc4 a5 15.a3 Qa7
16.a4 O-O 17.Rad1 b6 18.Rd2 Ba6 19.Bxa6 Qxa6 20.Qe3 Rad8 21.Rfd1 Qc8 22.b3 Qc7
23.Ne2 g6 24.Qc3 Ne6 25.Qc4 Rxd2 26.Rxd2 Rd8 27.Rxd8+ Qxd8 28.Qc3 Qd6 29.Kf2 Nc5
30.Ke1 Qf6 31.Qd2 Qe7 32.Kf1 Na6 33.Qe3 Qc7 34.Nc1 Nc5 35.Qc3 Qd6 36.Nd3 Nd7
37.Ke2 f6 38.Nb2 Nf8 39.Nc4 Qc5 40.Qe3 Qxe3+ 41.Kxe3 Nd7 42.Kd3 Kf7  1/2-1/2

[Event "XXI WJun Women"]
[Site "Kochin IND"]
[Date "2004.11.26"]
[Round "10"]
[White "Paehtz,E"]
[Black "Sachdev,T"]
[Result "1-0"]
[WhiteElo "2398"]
[BlackElo "2256"]

1.e4 c5 2.Nf3 e6 3.d4 cxd4 4.Nxd4 a6 5.Nc3 Qc7 6.Bd3 Nf6 7.O-O d6 8.Qe2 Be7
9.Kh1 Nc6 10.Nxc6 bxc6 11.f4 e5 12.fxe5 dxe5 13.Bg5 O-O 14.Na4 a5 15.b3 Be6
16.Qe1 Nh5 17.Be3 Nf4 18.Bxf4 exf4 19.e5 Bg5 20.Qe4 g6 21.Rae1 Rfe8 22.Qe2 Re7
23.Qf2 Rae8 24.Nc5 Bc8 25.Ne4 Qxe5 26.Nxg5 Qxg5 27.Rxe7 Rxe7 28.h4 Qh5 29.Qxf4 Be6
30.Re1 Rd7 31.Qf6 Rd6 32.Kh2 Bd7 33.Qf4 Be6 34.Re5 Qd1 35.Rxa5 Rd5 36.Ra8+ Kg7
37.Qb8 Qg4 38.Qf8+  1-0

[Event "Lushki A"]
[Site "Serpukhov RUS"]
[Date "2004.11.26"]
[Round "10"]
[White "Chebotarev,O"]
[Black "Isajevsky,A"]
[Result "1-0"]
[WhiteElo "2486"]
[BlackElo "2432"]

1.e4 c5 2.Nf3 e6 3.d4 cxd4 4.Nxd4 a6 5.Nc3 d6 6.g3 Nf6 7.Bg2 Be7 8.O-O O-O
9.b3 Bd7 10.a4 Nc6 11.Bb2 Qc7 12.Nde2 Rac8 13.h3 Nb4 14.Rc1 Rfd8 15.Qe1 Be8
16.f4 Qb6+ 17.Kh2 d5 18.e5 Ne4 19.Nxe4 Nxc2 20.Qf2 Qxb3 21.Nf6+ Bxf6 22.exf6 Qxb2
23.fxg7 Qxg7 24.Qb6 Bxa4 25.f5 Qe5 26.Nf4 Rd6 27.Qxb7 Rf8 28.fxe6 fxe6 29.Ng6 hxg6
30.Rxf8+ Kxf8 31.Rf1+ Ke8 32.Qb8+ Ke7 33.Qf8+ Kd7 34.Rf7+ Kc6 35.Qe8+ Kb6
36.Qxa4 Qc3 37.Rf3 Qc6 38.Qb3+ Ka5 39.Rc3  1-0

[Event "Petrosian Mem Open"]
[Site "Yerevan ARM"]
[Date "2004.11.26"]
[Round "8"]
[White "Petrosian,DG"]
[Black "Mamikonian,T"]
[Result "0-1"]
[WhiteElo "2395"]
[BlackElo "2296"]

1.e4 c5 2.Nf3 e6 3.d4 cxd4 4.Nxd4 a6 5.Nc3 b5 6.Bd3 Bb7 7.O-O Nc6 8.Nxc6 Bxc6
9.Be3 Nf6 10.e5 b4 11.exf6 bxc3 12.bxc3 Qxf6 13.Qg4 h5 14.Qh3 Qxc3 15.Rae1 Qb4
16.f4 Be7 17.Rb1 Qa4 18.c4 f5 19.Bd4 Kf7 20.Qe3 Rab8 21.Rbe1 Bf6 22.Be5 Rb7
23.Rf2 Rh6 24.Bxf5 exf5 25.Bxf6 Be4 26.Be5 h4 27.Rd2 Rg6 28.Qd4 Qc6 29.Ree2 Bxg2
30.Rb2 Bf3+ 31.Kf1  0-1